Normal view MARC view

Entry Topical Term

Number of records used in: 1

001 - CONTROL NUMBER

  • control field: 2746

003 - CONTROL NUMBER IDENTIFIER

  • control field: OSt

005 - DATE AND TIME OF LATEST TRANSACTION

  • control field: 20150209160729.0

008 - FIXED-LENGTH DATA ELEMENTS

  • fixed length control field: 150209|| aca||aabn | a|a d

040 ## - CATALOGING SOURCE

  • Original cataloging agency: OSt
  • Transcribing agency: OSt

150 ## - HEADING--TOPICAL TERM

  • Topical term or geographic name entry element: Nervous system
  • General subdivision: Infections.

670 ## - SOURCE DATA FOUND

  • Source citation: Work cat.: (OSt)1021: Harrison, M. J. G. (Michael J. G.) 2744, AIDS and neurology /, 1995.